000 00606nam a2200229Ia 4500
003 OSt
005 20220924120832.0
006 a|||||r|||| 00| 0
007 ta
008 220923b |||||||| |||| 00| 0 urd d
024 _a315191
037 _cTextual
040 _aARTS
_cARTS
_burd
041 _2urd
_aurd
082 _aO168,1NAFx, J4
100 _aPeshwari Afzal
_9183361
245 0 _aPyar ki batein
260 _aDelhi
_bRisala Beesvi Sadi India
_c1954
650 _aURDU POETRY
942 _hO168,1NAFx, J4
_cTEXL
_2CC
999 _c404564
_d404564